|
|
|
|
| LEADER |
00000nam0a2200000 4500 |
| 001 |
274370 |
| 005 |
20231101234724.0 |
| 020 |
|
|
|a RU
|b 85-100632
|
| 035 |
|
|
|a (RuTPU)RU\TPU\book\297580
|
| 090 |
|
|
|a 274370
|
| 100 |
|
|
|a 20141105d1985 k y0rusy5003 ca
|
| 101 |
0 |
|
|a rus
|
| 102 |
|
|
|a RU
|
| 105 |
|
|
|a a z 000zy
|
| 200 |
1 |
|
|a Палеогеография Урала в ордовикском периоде
|f М. Л. Клюжина
|g Академия наук СССР (АН СССР), Уральский научный центр (УНЦ), Институт геологии и геохимии им. А. Н. Заварицкого (ИГГ) ; под ред. Г. Ф. Червяковского, Н. Я. Анцыгина
|
| 210 |
|
|
|a Москва
|c Наука
|d 1985
|
| 215 |
|
|
|a 188 с.
|c ил., карт.
|
| 606 |
1 |
|
|a Палеогеография
|x Ордовик
|2 stltpush
|3 (RuTPU)RU\TPU\subj\47970
|9 66853
|
| 610 |
1 |
|
|a Урал
|
| 610 |
1 |
|
|a изученность
|
| 610 |
1 |
|
|a опорные разрезы
|
| 610 |
1 |
|
|a стратиграфия
|
| 610 |
1 |
|
|a фации
|
| 610 |
1 |
|
|a полезные ископаемые
|
| 675 |
|
|
|a 551.83
|z rus
|v 3
|
| 700 |
|
1 |
|a Клюжина
|b М. Л.
|g Муза Лаврентьевна
|4 070
|
| 702 |
|
1 |
|a Червяковский
|b Г. Ф.
|4 340
|
| 702 |
|
1 |
|a Анцыгин
|b Н. Я.
|4 340
|
| 712 |
0 |
2 |
|a Академия наук СССР (АН СССР)
|b Уральский научный центр (УНЦ)
|b Институт геологии и геохимии им. А. Н. Заварицкого (ИГГ)
|c (Свердловск)
|2 stltpush
|3 (RuTPU)RU\TPU\col\10909
|
| 801 |
|
0 |
|a RU
|b RuMRKP
|c 19950704
|g psbo
|
| 801 |
|
1 |
|a RU
|b 63413507
|c 20141105
|
| 801 |
|
2 |
|a RU
|b 63413507
|c 20170119
|g RCR
|
| 942 |
|
|
|c BK
|